[Event "AUTO-INT-3538"]
[Site "http://www.queenalice.com/game.php?id=1612365"]
[Date "2020.5.15"]
[Round "1"]
[White "Brunao"]
[Black "zmanomega"]
[Result "1-0"]
[WhiteElo "1431"]
[BlackElo "1652"]

1. e4 e5 2. Nf3 d6 3. h4 Bg4 4. Be2 Be6 5. Nc3 Nc6 6. d3 Nd4 7. Nxd4 exd4 8. Nb5
g6 9. Nxd4 Bd7 10. g4 Qf6 11. c3 O-O-O 12. g5 Qe5 13. f4 Qe7 14. a4 f6 15. Be3
f5 16. Qd2 h6 17. O-O-O Bxa4 18. b3 Bc6 19. Nf3 d5 20. b4 Ba4 21. Rde1 Qd6 22.
e5 Qc6 23. Nd4 Qa6 24. Bf3 Ne7 25. e6 Nc6 26. Bf2 Nxd4 27. Bxd4 b6 28. Bxh8 Bb3
29. Qb2 Ba4 30. Kd2 b5 31. Re5 Qb6 32. d4 c6 33. e7 Bxe7 34. Rxe7 Rxh8 35. Rhe1
hxg5 36. fxg5 Kd8 37. R1e6 a5 38. Bxd5 axb4 39. Qxb4 1-0

[Event "AUTO-INT-3538"]
[Site "http://www.queenalice.com/game.php?id=1612366"]
[Date "2020.5.15"]
[Round "1"]
[White "zmanomega"]
[Black "Brunao"]
[Result "0-1"]
[WhiteElo "1638"]
[BlackElo "1444"]

1. d4 d5 2. e3 Nf6 3. f3 c6 4. Nc3 b5 5. g4 g5 6. e4 b4 7. Na4 dxe4 8. a3 Qa5 9.
b3 bxa3+ 10. Bd2 Qc7 11. Rxa3 exf3 12. Qxf3 Bxg4 13. Qd3 a5 14. Bxg5 Nh5 15. Kd2
f6 16. Bxf6 exf6 17. Qe4+ Be7 18. Ra1 f5 19. Qe3 Na6 20. Nc5 f4 21. Qe4 Nxc5 22.
dxc5 O-O-O+ 23. Bd3 Nf6 24. Qc4 Rd4 25. Qa6+ Kd7 26. Rf1 Ne4+ 27. Kc1 Nc3 28.
Qb6 Qe5 29. Qb7+ Ke6 30. Qxc6+ Kf7 31. Qg2 Rg8 32. Qc6 Rxd3 33. h3 Na2+ 34. Kb1
Rxb3+ 35. cxb3 Nc3+ 36. Kc2 Bf5+ 37. Kb2 Nb5+ 38. Kc1 Qc3+ 39. Kd1 Rd8+ 40. Ke2
Qe3# 0-1

[Event "AUTO-INT-3538"]
[Site "http://www.queenalice.com/game.php?id=1612367"]
[Date "2020.5.15"]
[Round "1"]
[White "Brunao"]
[Black "dan2015"]
[Result "1-0"]
[WhiteElo "1413"]
[BlackElo "1513"]

1. e4 c5 2. c4 Nc6 3. Nf3 d6 4. d3 e5 5. Qa4 Bd7 6. Qb3 f6 7. Qxb7 Rb8 8. Qa6
Qa5+ 9. Qxa5 Be7 10. Qc7 Rb6 11. a4 1-0

[Event "AUTO-INT-3538"]
[Site "http://www.queenalice.com/game.php?id=1612368"]
[Date "2020.5.15"]
[Round "1"]
[White "dan2015"]
[Black "Brunao"]
[Result "0-1"]
[WhiteElo "1378"]
[BlackElo "1477"]

1. d4 d5 2. Bf4 c6 3. e3 e6 4. c3 g5 5. Bg3 Nf6 6. Bxb8 Rxb8 7. Nd2 Bh6 8. Ngf3
g4 9. Ne5 Rg8 10. g3 b5 11. Nxc6 Qc7 12. Nxb8 Qxb8 13. Qb3 Bd7 14. Bd3 a6 15.
O-O-O a5 16. Kb1 a4 17. Qc2 Rg5 18. h4 gxh3 19. Rxh3 Ng4 20. Nf3 Rf5 21. Bxf5
exf5 22. Re1 Qd6 23. e4 dxe4 24. c4 Qb4 25. a3 Qxc4 26. Qxc4 bxc4 27. Ne5 Be6
28. Nxg4 fxg4 29. Rxh6 Bf5 30. Rh5 Bg6 31. Re5+ Kf8 32. Ra5 e3+ 33. Ka2 f5 0-1

[Event "AUTO-INT-3538"]
[Site "http://www.queenalice.com/game.php?id=1612369"]
[Date "2020.5.15"]
[Round "1"]
[White "Brunao"]
[Black "SCORPION77"]
[Result "0-1"]
[WhiteElo "1496"]
[BlackElo "1662"]

1. e4 e5 2. Nf3 Nc6 3. h4 d6 4. Nc3 Bg4 5. Qe2 Nd4 6. Qd1 Nxf3+ 7. gxf3 Bh5 8.
d3 h6 9. Bh3 Ne7 10. Nd5 Nxd5 11. exd5 Qf6 12. Qe2 Be7 13. Bd7+ Kxd7 14. Rh3 Qf5
15. Rg3 Rhg8 16. Be3 Bxh4 17. O-O-O Bxg3 18. fxg3 Bxf3 19. Qf2 Qg4 20. Rg1 Bxd5
21. c4 Be6 22. b3 a6 23. a4 Bf5 24. a5 Bxd3 25. Qxf7+ Kc6 26. Qd5+ Kd7 27. Qxd3
Raf8 28. c5 Rf3 29. cxd6 c6 30. Rg2 Rxg3 31. Rg1 Rxg1+ 32. Kc2 Qg6 33. Bxg1
Qxd3+ 34. Kxd3 Kxd6 35. b4 Kd5 36. Bc5 g5 37. Bf2 e4+ 38. Ke3 h5 39. Bg1 Rf8 40.
Bh2 Rf3+ 41. Ke2 g4 42. Ke1 h4 43. Bg1 Rb3 44. Bf2 g3 45. Bg1 Rb1+ 46. Ke2 Rxg1
47. Ke3 h3 48. b5 axb5 49. a6 bxa6 50. Kf4 h2 51. Kg4 h1=Q 52. Kf5 Rf1+ 53. Kg4
Rf3 54. Kg5 Qh8 55. Kg4 Qf6 56. Kh5 g2 57. Kg4 g1=Q+ 58. Kh5 Qfg5# 0-1

[Event "AUTO-INT-3538"]
[Site "http://www.queenalice.com/game.php?id=1612370"]
[Date "2020.5.15"]
[Round "1"]
[White "SCORPION77"]
[Black "Brunao"]
[Result "1-0"]
[WhiteElo "1714"]
[BlackElo "1495"]

1. e4 e5 2. Nf3 d6 3. Bb5+ c6 4. Ba4 b5 5. Bb3 Nf6 6. Ng5 d5 7. d3 h6 8. Nf3 d4
9. c3 b4 10. cxb4 Bxb4+ 11. Bd2 Qa5 12. Bxb4 Qxb4+ 13. Qd2 Qb5 14. Bc4 Qc5 15.
Qc2 Qb4+ 16. Qd2 Qxd2+ 17. Nbxd2 Nfd7 18. O-O Nc5 19. Nxe5 Nbd7 20. Nxf7 Rf8 21.
Nd6+ Ke7 22. Nf5+ Kf6 23. Nxd4 Ba6 24. Bxa6 Nxa6 25. Nxc6 g5 26. Nc4 h5 27. Rfc1
Rac8 28. Nxa7 Rc7 29. Nb5 Rc5 30. Ncd6 Ne5 31. Rxc5 Nxc5 32. d4 Ncd7 33. dxe5+
Kxe5 34. Rd1 Nf6 35. a4 g4 36. f3 Nd7 37. Nc4+ Ke6 38. Rd6+ Ke7 39. fxg4 hxg4
40. g3 Rc8 41. Rd4 Nf6 42. e5 Nd7 43. Rxg4 Rc5 44. b3 Ke6 45. b4 Rd5 46. Nd4+
Kf7 47. Rf4+ Kg6 48. a5 Nxe5 49. Nxe5+ Rxe5 50. h4 Re1+ 51. Rf1 Re4 52. Nc2 Rc4
53. Rf2 Rc3 54. a6 Rxg3+ 55. Kh2 Rg4 56. Rg2 Kh5 57. Rxg4 Kxg4 58. a7 Kxh4 59.
a8=Q Kg5 60. Qd8+ Kf4 61. Qe8 Kf5 62. b5 Kf6 63. b6 Kf5 64. b7 Kf4 65. b8=Q+ Kf3
66. Qb7+ Kf4 67. Qbf7+ Kg4 68. Qeg8+ Kh4 69. Qfh7# 1-0

[Event "AUTO-OPEN-4178"]
[Site "http://www.queenalice.com/game.php?id=1613791"]
[Date "2020.5.25"]
[Round "1"]
[White "bonow"]
[Black "Brunao"]
[Result "1-0"]
[WhiteElo "2262"]
[BlackElo "1433"]

1. e4 e5 2. Nf3 d6 3. Bc4 Nh6 4. c3 Bd7 5. d4 b5 6. Bb3 f6 7. Bxh6 gxh6 8. O-O
Nc6 9. Ng5 hxg5 10. Qh5+ Ke7 11. Qf7# 1-0

[Event "AUTO-OPEN-4178"]
[Site "http://www.queenalice.com/game.php?id=1613792"]
[Date "2020.5.25"]
[Round "1"]
[White "Brunao"]
[Black "bonow"]
[Result "0-1"]
[WhiteElo "1498"]
[BlackElo "2260"]

1. c4 e5 2. e4 Nf6 3. f3 Nc6 4. Ne2 d6 5. h4 Be6 6. Na3 Be7 7. Qb3 Rb8 8. g4 h6
9. h5 Nd7 10. d3 Nc5 11. Qc3 Bh4+ 12. Kd1 O-O 13. Be3 Bg5 14. Bxg5 Qxg5 15. Qc2
Nb4 16. Qc3 Nbxd3 17. b4 Nf2+ 18. Ke1 Ncd3+ 19. Qxd3 Nxd3+ 20. Kd1 Nf2+ 21. Ke1
Nxh1 22. Nc2 Bxc4 23. Bg2 Qh4+ 24. Kd2 Qf2 25. Re1 Qxg2 26. Ne3 Qxf3 27. Nxc4
Nf2 28. Nb2 Nxe4+ 29. Kd1 Nc3+ 30. Kd2 Nxe2 31. Rxe2 Qxg4 32. Nd3 Qxh5 33. Nf2
Qg5+ 34. Re3 f5 35. Nh3 Qg2+ 36. Nf2 Qxf2+ 37. Re2 Qf4+ 38. Re3 Qxb4+ 39. Rc3 f4
40. a3 Qb2+ 41. Rc2 Qxa3 42. Rxc7 Qa5+ 43. Rc3 Rfc8 44. Kc2 Qxc3+ 45. Kd1 Qc2+
46. Ke1 Qb2 47. Kd1 Rc1# 0-1

[Event "AUTO-OPEN-4178"]
[Site "http://www.queenalice.com/game.php?id=1613819"]
[Date "2020.5.25"]
[Round "1"]
[White "Brunao"]
[Black "DAlessandro"]
[Result "0-1"]
[WhiteElo "1456"]
[BlackElo "1557"]

1. d4 d5 2. Nc3 Nf6 3. f3 Nc6 4. Bf4 a6 5. a3 e6 6. Qd2 Bd6 7. O-O-O Bd7 8. Nh3
h6 9. g4 Bxf4 10. Nxf4 b5 11. Na2 a5 12. Nh5 O-O 13. e3 b4 14. axb4 axb4 15. Kb1
Nxh5 16. gxh5 Qb8 17. b3 Qa7 18. c4 Na5 19. Qxb4 Rfb8 20. Qe7 Rxb3+ 21. Kc2 Nxc4
22. Nc1 Rb2+ 23. Kc3 Qa3+ 24. Qxa3 Rxa3+ 25. Nb3 Raxb3# 0-1

[Event "AUTO-OPEN-4178"]
[Site "http://www.queenalice.com/game.php?id=1613820"]
[Date "2020.5.25"]
[Round "1"]
[White "DAlessandro"]
[Black "Brunao"]
[Result "1-0"]
[WhiteElo "1599"]
[BlackElo "1489"]

1. c4 c5 2. Nc3 e6 3. e4 Nc6 4. Nf3 a6 5. Be2 h5 6. d3 g6 7. Bg5 f6 8. Be3 Qb6
9. Rb1 Be7 10. d4 d5 11. cxd5 Nxd4 12. Nxd4 cxd4 13. Bxd4 Bc5 14. Bxc5 Qxc5 15.
O-O e5 16. Na4 Qb4 17. a3 Qa5 18. b4 Qc7 19. d6 Qc6 20. Rc1 Qxe4 21. Nc5 Qf4 22.
d7+ Kf8 23. d8=Q+ Kg7 24. Q1d6 g5 25. Ne6+ Bxe6 26. Qxa8 Nh6 27. Qxb7+ Nf7 28.
Qxe6 Rf8 29. Rc7 Kg6 30. Bd3+ e4 31. Bxe4+ Kh6 32. Rxf7 Rxf7 33. Qexf7 Qxe4 34.
Qg7# 1-0

[Event "AUTO-OPEN-4178"]
[Site "http://www.queenalice.com/game.php?id=1613821"]
[Date "2020.5.25"]
[Round "1"]
[White "Brunao"]
[Black "sphagnis"]
[Result "1-0"]
[WhiteElo "1468"]
[BlackElo "1592"]

1. d4 d6 2. d5 e5 3. e4 h6 4. h4 Nf6 5. Nc3 a6 6. f3 c5 7. b3 Bd7 8. Nge2 Nh5 9.
Qd3 Nf4 10. Nxf4 exf4 11. Bxf4 Qf6 12. g3 Bb5 13. Nxb5 Qxa1+ 14. Ke2 axb5 15.
Qxb5+ Nd7 16. Bh3 Qxa2 17. Qxd7# 1-0

[Event "AUTO-OPEN-4178"]
[Site "http://www.queenalice.com/game.php?id=1613822"]
[Date "2020.5.25"]
[Round "1"]
[White "sphagnis"]
[Black "Brunao"]
[Result "1-0"]
[WhiteElo "1646"]
[BlackElo "1477"]

1. e4 e5 2. Bc4 Nh6 3. Qf3 Nc6 4. Nc3 d6 5. h3 Nd4 6. Qd3 c6 7. Nf3 c5 8. a3 Be6
9. Nxd4 exd4 10. Bb5+ Bd7 11. Nd5 a6 12. Bxd7+ Qxd7 13. Qf3 O-O-O 14. Nb6+ Kc7
15. Nxd7 Rxd7 16. d3 g6 17. Bd2 b6 18. Qf6 Rg8 19. Bf4 Be7 20. Bxd6+ Bxd6 21. e5
Be7 22. Qf4 g5 23. e6+ Rd6 24. exf7 Rf8 25. Qe5 Rxf7 26. O-O-O Bf6 27. Qe4 Re7
28. Qg6 Nf7 29. Qxh7 b5 30. Rde1 Kd7 31. Qf5+ Ke8 32. Qc8+ Nd8 33. Qxc5 Kd7 34.
Qa7+ Ke8 35. Qc5 Nb7 36. Qf5 Rde6 37. Rxe6 Nd8 38. Qg6+ Kd7 39. Rxf6 a5 40. Rd6+
Kc7 41. Kd2 Nb7 42. Rb6 Nc5 43. Rc6+ Kd7 44. Rxc5 a4 45. Re1 Rxe1 46. Kxe1 b4
47. Qc6+ Ke7 48. Rxg5 bxa3 49. Rg7+ Kf8 50. bxa3 Kxg7 51. f4 Kf7 52. g4 Kg7 53.
h4 Kf7 54. h5 Kg7 55. g5 Kf7 56. f5 Ke7 57. Qd5 Ke8 58. f6 Kf8 59. h6 Ke8 60. g6
Kf8 61. Qd8# 1-0

[Event "AUTO-INT-3543"]
[Site "http://www.queenalice.com/game.php?id=1613911"]
[Date "2020.5.26"]
[Round "1"]
[White "altair"]
[Black "Brunao"]
[Result "1-0"]
[WhiteElo "1608"]
[BlackElo "1488"]

1. e4 e5 2. Nf3 d6 3. h3 f6 4. Nc3 Be6 5. Be2 g6 6. O-O a5 7. d4 Nc6 8. d5 Bd7
9. dxc6 Nh6 10. cxb7 Rb8 11. Ba6 c5 12. Nd5 Bg7 13. Bd2 O-O 14. Bxh6 Bxh6 15.
Nd2 Bc6 16. Nc4 f5 17. exf5 gxf5 18. Qe1 Bxd5 19. Nxa5 f4 20. c4 Bxb7 21. Bxb7
Qc7 22. Qe4 Qxa5 23. Qd5+ Rf7 24. Bc6 Rxb2 25. Be8 Qc7 26. Bxf7+ Kf8 27. Bh5 Rb7
28. Rab1 Rxb1 29. Rxb1 Ke7 30. Rb7 Qxb7 31. Qxb7+ Ke6 32. Qf7# 1-0

[Event "AUTO-INT-3543"]
[Site "http://www.queenalice.com/game.php?id=1613912"]
[Date "2020.5.26"]
[Round "1"]
[White "Brunao"]
[Black "altair"]
[Result "1-0"]
[WhiteElo "1474"]
[BlackElo "1597"]

1. d4 d5 2. g3 Nc6 3. c3 h6 4. Nf3 Nf6 5. Bf4 Ne4 6. Bg2 e6 7. O-O Be7 8. a4 O-O
9. e3 b6 10. Na3 f6 11. g4 e5 12. Bg3 Nxg3 13. fxg3 Bxg4 14. h3 Bh5 15. g4 Bg6
16. Nh4 Be4 17. Qb3 f5 18. gxf5 Bxg2 19. Kxg2 Bxh4 20. dxe5 Qg5+ 21. Kh1 Nxe5
22. Qxd5+ Nf7 23. Rg1 Qxe3 24. Qg2 Ng5 25. Raf1 Nxh3 26. Qxg7# 1-0

[Event "AUTO-INT-3543"]
[Site "http://www.queenalice.com/game.php?id=1613925"]
[Date "2020.5.26"]
[Round "1"]
[White "Brunao"]
[Black "APSHOOTER"]
[Result "0-1"]
[WhiteElo "1489"]
[BlackElo "1561"]

1. e4 e5 2. Nf3 d6 3. h3 a6 4. b3 h6 5. Bc4 Nc6 6. c3 Nf6 7. d3 Be6 8. Be3 Be7
9. g4 g5 10. b4 Bxc4 11. dxc4 Nxe4 12. b5 Na5 13. Qa4 axb5 14. cxb5 b6 15. Qxe4
Qd7 16. O-O Qxb5 17. Qxa8+ Bd8 18. Na3 Qc6 19. Qxc6+ Nxc6 20. Nd2 O-O 21. Nb5
Ne7 22. f3 Nd5 23. Bf2 f5 24. c4 c6 25. Nxd6 Nc3 26. Nxf5 Ne2+ 27. Kh1 Nf4 28.
Nxh6+ Kh7 29. Nf5 Bf6 30. Bxb6 Nxh3 31. Ne4 Kg6 32. Bc5 Rh8 33. Kg2 Nf4+ 34. Kg3
Rh3+ 35. Kf2 Rh2+ 36. Ke3 Re2# 0-1

[Event "AUTO-INT-3543"]
[Site "http://www.queenalice.com/game.php?id=1613926"]
[Date "2020.5.26"]
[Round "1"]
[White "APSHOOTER"]
[Black "Brunao"]
[Result "1-0"]
[WhiteElo "1559"]
[BlackElo "1487"]

1. e4 e5 2. Bc4 Nh6 3. d3 d6 4. h3 Nc6 5. a3 Be6 6. Bxe6 fxe6 7. Qh5+ Nf7 8. Nd2
g6 9. Qe2 Nd4 10. Qd1 Qg5 11. g3 Bh6 12. Ndf3 Nxf3+ 13. Nxf3 Qf6 14. Bxh6 Nxh6
15. Qd2 Qxf3 16. Rf1 O-O 17. Qxh6 c5 18. h4 Kf7 19. Qe3 Qf6 20. O-O-O Ke7 21.
Qg5 a5 22. c4 Rh8 23. Qxf6+ Kxf6 24. f4 exf4 25. Rxf4+ Kg7 26. Rdf1 Kh6 27. g4
a4 28. Rf7 b6 29. R1f6 e5 30. g5+ Kh5 31. Rxd6 Kxh4 32. Rxb6 Kxg5 33. Kc2 Rhd8
34. Rxh7 Rg8 35. Rc6 Kg4 36. Rxc5 Kf4 37. Re7 Ke3 38. Rexe5 Rgd8 39. Rcd5 Rxd5
40. Rxd5 Rb8 41. Rg5 Rg8 42. b4 axb3+ 43. Kxb3 Rb8+ 44. Kc3 Ra8 45. Rg3+ Ke2 46.
Rxg6 Rxa3+ 47. Kc2 Rxd3 48. e5 Rd2+ 49. Kc3 Rd3+ 50. Kb4 Re3 51. e6 Kd3 52. c5
Re4+ 53. Kb5 Kd4 54. c6 Re5+ 55. Kb6 Kd5 56. c7 Rxe6+ 57. Rxe6 Kxe6 58. c8=Q+
Ke5 59. Qd7 Ke4 60. Kc5 Ke5 61. Qd4+ Kf5 62. Kd5 Kg5 63. Ke6 Kg6 64. Qg4+ Kh6
65. Kf6 Kh7 66. Qg7# 1-0

[Event "AUTO-INT-3543"]
[Site "http://www.queenalice.com/game.php?id=1613927"]
[Date "2020.5.26"]
[Round "1"]
[White "Brunao"]
[Black "byyonico"]
[Result "1-0"]
[WhiteElo "1476"]
[BlackElo "1615"]

1. e4 c5 2. c4 d6 3. Nh3 f6 4. Nc3 e6 5. d3 Nc6 6. a3 g6 7. f4 Bg7 8. Be3 Nge7
9. Be2 Nd4 10. O-O O-O 11. Bxd4 cxd4 12. Nb1 e5 13. fxe5 dxe5 14. a4 Bxh3 15.
gxh3 Qd7 16. Qb3 Kh8 17. Na3 a6 18. Rf3 Bh6 19. Kf1 Be3 20. c5 Nc6 21. Nc4 Bf4
22. h4 Bxh2 23. Nb6 Qg4 24. Ke1 Qg1+ 25. Rf1 Bg3+ 26. Kd1 Ra7 27. Rxg1 Bxh4 28.
Kc2 Bf2 29. Nd7 Rf7 30. Qxf7 Ra8 31. Bh5 Bh4 32. Nxf6 Bxf6 33. Qxf6+ Kg8 34.
Raf1 Nb4+ 35. Kb3 Nxd3 36. Rxg6+ hxg6 37. Qxg6+ Kh8 38. Rf7 Nxc5+ 39. Kc4 Nxa4
40. Rh7# 1-0

[Event "AUTO-INT-3543"]
[Site "http://www.queenalice.com/game.php?id=1613928"]
[Date "2020.5.26"]
[Round "1"]
[White "byyonico"]
[Black "Brunao"]
[Result "1/2-1/2"]
[WhiteElo "1588"]
[BlackElo "1468"]

1. d4 d5 2. c4 dxc4 3. e4 h5 4. Bxc4 e6 5. Nf3 Bb4+ 6. Nc3 Qd7 7. Bd2 Nc6 8. O-O
a6 9. Re1 Na5 10. Bd3 c5 11. Ng5 Qxd4 12. Qf3 Nc4 13. Qxf7+ Kd8 14. Bxc4 Nh6 15.
Qxg7 Qxg7 16. Nxe6+ Bxe6 17. Bxe6 Re8 18. Bh3 c4 19. f3 Qd4+ 20. Kf1 Qxd2 21.
Red1 Qxd1+ 22. Rxd1+ Kc7 23. Rd7+ Kc6 24. Nd5 Bc5 25. Rh7 Ng8 26. Bd7+ Kd6 27.
Bf5 Bd4 28. Rxb7 Rad8 29. Nc7 Rf8 30. Nxa6 Ra8 31. Nb4 Ra4 32. h4 c3 33. bxc3
Bc5 34. g4 hxg4 35. fxg4 Ra7 36. Rb5 Rc8 37. Bxc8 Rc7 38. Bf5 Bxb4 39. Rxb4 Rxc3
40. a4 Rc1+ 41. Ke2 Kc5 42. Rb2 Rc4 43. Rb5+ Kd4 44. Rd5+ Kc3 45. Rd3+ Kc2 46.
Be6 Rxa4 47. Bd5 Ne7 48. Bb3+ Kc1 49. Bxa4 Ng6 50. h5 Nf4+ 51. Ke3 Ng2+ 52. Kd4
Ne1 53. Rc3+ Kd2 54. e5 Ng2 55. Bc6 Nf4 56. Be4 Ne6+ 57. Kc4 Ng5 58. Bd3 Nf3 59.
Rc2+ Ke3 60. Re2+ Kf4 61. Re4+ Kg5 62. Be2 Nd2+ 63. Kd3 Nb3 64. Bd1 Nc5+ 65. Kd4
Ne6+ 66. Kd5 Nc7+ 67. Kd6 Nb5+ 68. Kc5 Nc3 69. Re3 Nxd1 70. Re4 Nf2 71. Kd5 Nd3
72. e6 Nf2 73. e7 Nxe4 74. Kxe4 Kf6 75. e8=Q Kg5 76. Qf7 Kxg4 77. Qf5+ Kh4 78.
Qg4+ Kxg4 79. Ke3 Kxh5 80. Ke4 Kh4 1/2-1/2